<?xml version="1.0" encoding="UTF-8"?>
<record
    xmlns:xsi="http://www.w3.org/2001/XMLSchema-instance"
    xsi:schemaLocation="http://www.loc.gov/MARC21/slim http://www.loc.gov/standards/marcxml/schema/MARC21slim.xsd"
    xmlns="http://www.loc.gov/MARC21/slim">

  <leader>00834nam a22002417a 4500</leader>
  <controlfield tag="003">OSt</controlfield>
  <controlfield tag="005">20171019170958.0</controlfield>
  <controlfield tag="008">171019e201705  spc||||| |||||0|| 0bspa|d</controlfield>
  <datafield tag="017" ind1=" " ind2=" ">
    <subfield code="a">DL B 7824-2017</subfield>
    <subfield code="b">Biblioteca de Catalunya</subfield>
  </datafield>
  <datafield tag="020" ind1=" " ind2=" ">
    <subfield code="a">9788490568330</subfield>
  </datafield>
  <datafield tag="040" ind1=" " ind2=" ">
    <subfield code="a">ES-BaUB</subfield>
    <subfield code="b">cat</subfield>
    <subfield code="c">CDMR</subfield>
  </datafield>
  <datafield tag="100" ind1="1" ind2=" ">
    <subfield code="a">Varela, Javier,</subfield>
    <subfield code="d">1952-</subfield>
  </datafield>
  <datafield tag="245" ind1="1" ind2="0">
    <subfield code="a">Eugenio d'Ors </subfield>
    <subfield code="b">: 1881-1954 /</subfield>
    <subfield code="c">Javier Varela</subfield>
  </datafield>
  <datafield tag="260" ind1=" " ind2=" ">
    <subfield code="a">Barcelona :</subfield>
    <subfield code="b">RBA Libros,</subfield>
    <subfield code="c">2017</subfield>
  </datafield>
  <datafield tag="300" ind1=" " ind2=" ">
    <subfield code="a">575 p&#xE0;gines, 16 p&#xE0;gines de l&#xE0;mines no numerades :</subfield>
    <subfield code="b">il&#xB7;lustracions ;</subfield>
    <subfield code="c">24 cm</subfield>
  </datafield>
  <datafield tag="500" ind1=" " ind2=" ">
    <subfield code="a">Inclou bibliografia i &#xED;ndex</subfield>
  </datafield>
  <datafield tag="586" ind1=" " ind2=" ">
    <subfield code="a">Premio Gaziel de Biograf&#xED;as y Memorias 2016</subfield>
  </datafield>
  <datafield tag="600" ind1="1" ind2="0">
    <subfield code="a">Ors, Eugeni d'</subfield>
    <subfield code="d">1881-1954</subfield>
    <subfield code="x">Biografia</subfield>
    <subfield code="9">1050</subfield>
  </datafield>
  <datafield tag="648" ind1=" " ind2="9">
    <subfield code="a">S. XX</subfield>
    <subfield code="2">thub</subfield>
  </datafield>
  <datafield tag="650" ind1=" " ind2="9">
    <subfield code="a">Escriptors catalans</subfield>
    <subfield code="2">thub</subfield>
    <subfield code="v">Biografia</subfield>
  </datafield>
  <datafield tag="650" ind1=" " ind2="4">
    <subfield code="a">Periodistes catalans</subfield>
    <subfield code="9">3139</subfield>
    <subfield code="v">Biografia</subfield>
  </datafield>
  <datafield tag="942" ind1=" " ind2=" ">
    <subfield code="c">MON</subfield>
  </datafield>
  <datafield tag="999" ind1=" " ind2=" ">
    <subfield code="c">7069</subfield>
    <subfield code="d">7069</subfield>
  </datafield>
  <datafield tag="952" ind1=" " ind2=" ">
    <subfield code="0">0</subfield>
    <subfield code="1">0</subfield>
    <subfield code="4">0</subfield>
    <subfield code="7">0</subfield>
    <subfield code="a">CDMR</subfield>
    <subfield code="b">CDMR</subfield>
    <subfield code="d">2017-10-19</subfield>
    <subfield code="e">Intercanvi</subfield>
    <subfield code="g">24.99</subfield>
    <subfield code="l">0</subfield>
    <subfield code="o">Du 1/128</subfield>
    <subfield code="p">CDMR17101619</subfield>
    <subfield code="r">2017-10-19</subfield>
    <subfield code="v">24.99</subfield>
    <subfield code="w">2017-10-19</subfield>
    <subfield code="y">MON</subfield>
  </datafield>
</record>
